| 000 | 00770cam a22002413a 4500 | ||
|---|---|---|---|
| 001 | 16494 | ||
| 003 | PGUSA | ||
| 005 | 20140828083342.0 | ||
| 008 | 050809s2005||||xxu|||||s|||||000 | eng d | ||
| 040 |
_aPGUSA _beng |
||
| 042 | _adc | ||
| 050 | 4 | _aDT | |
| 100 | 1 |
_aFitzpatrick, Percy, _cSir, _d1862-1931 |
|
| 245 | 1 | 4 |
_aThe Transvaal from Within : _bA Private Record of Public Affairs _h[electronic resource] / _cPercy, Fitzpatrick |
| 260 |
_bProject Gutenberg, _c2005 |
||
| 506 | _aPublic domain in the USA. | ||
| 516 | _aElectronic text | ||
| 653 | _aTransvaal (South Africa) -- Politics and government -- 1880-1910 | ||
| 653 | _aJameson's Raid, 1895-1896 | ||
| 830 | 0 |
_aProject Gutenberg _v16494 |
|
| 856 | 4 | 0 | _uhttp://www.gutenberg.org/ebooks/16494 |
| 942 | _cEB | ||
| 999 |
_c245749 _d245749 |
||